| 000 | 00515cam a22002054a 4500 | ||
|---|---|---|---|
| 005 | 20250605164302.0 | ||
| 008 | 250528s ||||||||||||||||||||||||d | ||
| 035 | _a22100 | ||
| 020 | _a9781412961820 | ||
| 040 |
_aGR-AtMCL _bgre _dGR-AtMCL _eAACR2 |
||
| 245 | 1 | _aCRITICAL READING AND WRITING FOR POSTGRADUATES | |
| 250 | _a3 | ||
| 260 |
_bSage Publications, _c2016 |
||
| 300 | _a278 | ||
| 700 | 1 |
_aWallace Mike _93732 |
|
| 700 | 1 |
_aWray Alison _93733 |
|
| 942 | _cBK | ||
| 999 |
_c7156 _d7156 |
||